000
00288nam a2200109Ia 4500
001
587441
005
20250717113816.0
008
250717s9999 xx 000 0 und d
245
0
_a
X-5 GÜNDELİK BİLİM
_c
NICHOLAS HARRIS
260
_b
TÜRKİYE İŞ BANKASI YAYINLARI
_c
2017
300
_b
18
999
_c
587441
_d
587441